[Event "FIDE World Senior Team Championship 2020"]
[Site "Olympik hotel, Sokolovska 138,"]
[Date "2020.03.08"]
[Round "3.26"]
[White "Nuernberger, Thomas"]
[Black "Summers, Charles"]
[Result "1-0"]
[WhiteElo "2020"]
[BlackElo "1863"]
[PlyCount "49"]
[EventDate "2020.03.06"]
[WhiteTeam "GER8"]
[BlackTeam "WLS2"]

1. c4 c5 2. Nc3 Nc6 3. g3 g6 4. Bg2 Bg7 5. e4 d6 6. Nge2 e5 7. O-O Be6 8. d3
Qd7 9. f4 Bh3 10. f5 Bxg2 11. Kxg2 f6 12. Be3 Nge7 13. g4 O-O-O 14. Ng3 Rdg8
15. Nd5 Nxd5 16. cxd5 Ne7 17. b4 b6 18. a4 h5 19. a5 h4 20. Ne2 gxf5 21. axb6
f4 22. Rxa7 Qxg4+ 23. Kf2 fxe3+ 24. Ke1 Bh6 25. Qa4 1-0

[Event "FIDE World Senior Team Championship 2020"]
[Site "Olympik hotel, Sokolovska 138,"]
[Date "2020.03.08"]
[Round "3.26"]
[White "Quinn, Peter"]
[Black "Fuchs, Joachim"]
[Result "1-0"]
[WhiteElo "1600"]
[BlackElo "1970"]
[PlyCount "69"]
[EventDate "2020.03.06"]
[WhiteTeam "WLS2"]
[BlackTeam "GER8"]

1. e4 Nc6 2. d4 d5 3. e5 Bf5 4. Nf3 e6 5. Bd3 Bg4 6. c3 f6 7. h3 Bh5 8. g4 Bf7
9. Bf4 fxe5 10. Bxe5 Nf6 11. Nbd2 Be7 12. Qe2 a6 13. Ng5 Nxe5 14. dxe5 Nd7 15.
Nxf7 Kxf7 16. O-O-O Nc5 17. Bc2 g6 18. f4 Ke8 19. f5 g5 20. f6 Bf8 21. Nf3 Bh6
22. Kb1 c6 23. h4 gxh4 24. g5 Bf8 25. Rxh4 Qd7 26. g6 h6 27. b4 b6 28. bxc5
bxc5 29. g7 Bxg7 30. fxg7 Rb8+ 31. Ka1 Qxg7 32. Rg1 Qe7 33. Rhg4 Rf8 34. Rg7
Rf7 35. Bg6 1-0

[Event "FIDE World Senior Team Championship 2020"]
[Site "Olympik hotel, Sokolovska 138,"]
[Date "2020.03.08"]
[Round "3.26"]
[White "Madalinski, Rainer"]
[Black "Cooke, Mark"]
[Result "1-0"]
[WhiteElo "1796"]
[BlackElo "1424"]
[PlyCount "77"]
[EventDate "2020.03.06"]
[WhiteTeam "GER8"]
[BlackTeam "WLS2"]

1. e4 e6 2. d4 d5 3. exd5 exd5 4. Bd3 Nc6 5. c3 h6 6. Ne2 Nf6 7. O-O Bd6 8. Ng3
O-O 9. b3 Bg4 10. f3 Be6 11. Nf5 Ne7 12. Nxd6 Qxd6 13. Na3 a6 14. Nc2 Nf5 15.
Ba3 Qf4 16. Bxf8 Rxf8 17. Qc1 Qh4 18. Qe1 Qg5 19. Qf2 Nh5 20. f4 Qf6 21. Rae1
Nd6 22. Qf3 g6 23. Ne3 Ng7 24. Nxd5 Bxd5 25. Qxd5 c6 26. Qe5 Qd8 27. Qe7 Ndf5
28. Qxb7 Re8 29. Qxc6 Rxe1 30. Rxe1 Qh4 31. Qe4 Nd6 32. Qe3 Ngf5 33. Bxf5 Nxf5
34. Qf2 Qg4 35. h3 Qh5 36. g4 Qxh3 37. gxf5 Qxf5 38. Re8+ Kg7 39. Qe2 1-0

[Event "FIDE World Senior Team Championship 2020"]
[Site "Olympik hotel, Sokolovska 138,"]
[Date "2020.03.08"]
[Round "3.27"]
[White "Dettmann, Holger"]
[Black "Ortoft, Kai"]
[Result "1/2-1/2"]
[WhiteElo "2012"]
[BlackElo "1972"]
[PlyCount "25"]
[EventDate "2020.03.06"]
[WhiteTeam "GER11"]
[BlackTeam "NOR1"]

1. d4 Nf6 2. Nc3 d5 3. Bf4 Bf5 4. Qd2 e6 5. f3 h5 6. e3 a6 7. Bd3 Bxd3 8. cxd3
c5 9. dxc5 Bxc5 10. d4 Be7 11. Nge2 Nc6 12. O-O O-O 13. Bg5 1/2-1/2

[Event "FIDE World Senior Team Championship 2020"]
[Site "Olympik hotel, Sokolovska 138,"]
[Date "2020.03.08"]
[Round "3.27"]
[White "Hermansen, Henning W."]
[Black "Schroeter, Reinhard"]
[Result "1/2-1/2"]
[WhiteElo "1921"]
[BlackElo "1738"]
[PlyCount "41"]
[EventDate "2020.03.06"]
[WhiteTeam "NOR1"]
[BlackTeam "GER11"]

1. d4 d5 2. Nf3 Nf6 3. Bg5 e6 4. Nbd2 Be7 5. e3 Nbd7 6. Bd3 O-O 7. O-O c5 8. c3
Qc7 9. Rc1 h6 10. Bh4 c4 11. Bb1 e5 12. dxe5 Nxe5 13. Nxe5 Qxe5 14. Bg3 Qe6 15.
Qc2 g6 16. Rfe1 Bd6 17. e4 Bxg3 18. hxg3 Qc6 19. exd5 Qxd5 20. Rcd1 Qc5 21. Ne4
1/2-1/2

[Event "FIDE World Senior Team Championship 2020"]
[Site "Olympik hotel, Sokolovska 138,"]
[Date "2020.03.08"]
[Round "3.27"]
[White "Kundt, Guenther"]
[Black "Jenssen, Ove S"]
[Result "1/2-1/2"]
[WhiteElo "1747"]
[BlackElo "1812"]
[PlyCount "33"]
[EventDate "2020.03.06"]
[WhiteTeam "GER11"]
[BlackTeam "NOR1"]

1. d4 d5 2. c4 c6 3. cxd5 cxd5 4. Nf3 Nf6 5. Nc3 Nc6 6. Bf4 a6 7. e3 Bg4 8. Be2
e6 9. O-O Bd6 10. Bg3 O-O 11. Bh4 Be7 12. h3 Bf5 13. Bd3 Bg6 14. a3 b5 15. Qe2
Nd7 16. Bxe7 Qxe7 17. Rfc1 1/2-1/2

[Event "FIDE World Senior Team Championship 2020"]
[Site "Olympik hotel, Sokolovska 138,"]
[Date "2020.03.08"]
[Round "3.27"]
[White "Bjorgvik, Jan Arne"]
[Black "Geibel, Henning"]
[Result "1-0"]
[WhiteElo "1733"]
[BlackElo "1382"]
[PlyCount "61"]
[EventDate "2020.03.06"]
[WhiteTeam "NOR1"]
[BlackTeam "GER11"]

1. e4 e5 2. Nf3 d6 3. d4 exd4 4. Nxd4 Nf6 5. Nc3 Be7 6. Be2 O-O 7. O-O c5 8.
Nf3 h6 9. h3 b6 10. Bf4 a5 11. Re1 Bb7 12. e5 Bxf3 13. Bxf3 g5 14. exf6 Bxf6
15. Bxd6 Ra7 16. Bxf8 Qxf8 17. Qe2 Re7 18. Qb5 Qd8 19. Rad1 Rxe1+ 20. Rxe1 Kg7
21. Rd1 Qc7 22. Nd5 Qc6 23. Qxc6 Nxc6 24. Nxf6 Nd4 25. Nh5+ Kg6 26. Ng3 f5 27.
c3 Nxf3+ 28. gxf3 f4 29. Rd6+ Kg7 30. Nf5+ Kf7 31. Rxh6 1-0